000 01790nam a2200349 i 4500
001 000004210
003 DO-SdBNP
005 20260521111852.0
007 ta
008 090720t1999 dr ab 001 0 spa d
040 _aDO-SdBNP
_bspa
_cBNPHU
_erda
041 _aspa
082 4 _a972.9372
_bM425p
_222
100 1 _aMateo, Aurelio Vicente,
_d1944-
_eautor
_4aut.
_912423
245 1 0 _aPadre Las Casas :
_bsu historia, su gente y folklore /
_cAurelio Vicente Mateo.
250 _aprimera edición
264 1 _aSanto Domingo :
_bEditora Alfa & Omega,
_c1999.
300 _a191 páginas :
_bilustraciones, mapas ;
_c21 cm.
336 _atexto
_btxt
_2rdacontent
337 _asimediación
_bn
_2rdamedia
338 _avolumen
_bnc
_2rdacarrier
504 _aBibliografía: páginas 189.
505 _aPrólogo 17 -- Origen y evolución histórica de Padre Las Casas 21 -- Actividades sociales, culturales y personas que se han dedicado a ellas 39 -- Educación y cultura 69 -- Aspecto Político 87 -- El Folklore 101|Anécdotas 111 -- Pensamientos 119 -- Décimas de poetas desconocidos en esta población 133 -- Inspiraciones poéticas del autor 159 -- Refranes 181 -- Personas consultadas para esta obra 187 -- Bibliografía 189 -- Mapa de Padre Las Casas 190
590 _aInventariado, 2024/DG
650 7 _aCiudades y pueblos
_zRepública Dominicana
_xHistoria
_2LIBRUNAM
_932619
651 7 _aPadre las Casas (República Dominicana)
_xHistoria local
_912425
651 7 _aPadre las Casas (República Dominicana)
_xVida social y costumbres
_2LIBRUNAM
_912425
651 7 _aFolclor
_zRepública Dominicana
_zPadre las Casas
_912427
651 7 _aAzua (República Dominicana)
_xVida social y costumbres
_2LIBRUNAM
_912428
910 _aValidado. Control de calidad EMS.
942 _2ddc
_cLBS1
999 _c4024
_d4024